Identidades encontradas : ovillo de trazos II /

El derecho a la identidad es el derecho que tenemos todos a saber quiénes somos y de dónde venimos. Conocer nuestro nombre y los orígenes de nuestra familia, elegir nuestras creencias tanto religiosas como políticas, tener la libertad de enamorarnos de cualquier persona y ser respetados en nuestra d...

Descripción completa

Guardado en:
Autor Principal: de Carlotto, Estela; pról.
Otros Autores: Devetach, Laura., Averbach, Márgara., Méndez, Mario., Jäger, Nina., Grubissich, Jorge., Lertora, Paula., Schuff, Nicolás., Lacabe, Nilda., Bialet, Graciela., Rabinovich, Luciana., Kelisek, Magdi., Bombara, Paula.
Formato: Libro
Idioma:Undetermined
Publicado: Buenos Aires : Norma, 2017.
Edición:1a ed.
Series:Zona libre
Materias:
Etiquetas: Agregar Etiqueta
Sin Etiquetas, Sea el primero en etiquetar este registro!
LEADER 02368nam a22003615a 4500
001 CEM.cems021267
008 240703s2017####ag############000#0#und#d
005 20240703151705.0
245 1 0 |a Identidades encontradas :  |b ovillo de trazos II /  |c Laura Devetach ... y otros. 
250 |a 1a ed. 
260 |a Buenos Aires :  |b Norma,  |c 2017. 
300 |a 104 p. 
490 1 |a Zona libre 
505 0 |a Prólogo / Estela de Carlotto -- Gente ovillando / Laura Devetach -- Rompecabezas / Márgara Averbach -- Feria de las naciones / Mario Méndez -- El momento en que estás / Nina Jäger -- Altamar / Jorge Grubissich -- Urdimbre / Paula Lertora -- La canción más corta y más larga del mundo / Nicolás Schuff -- No importa / Nilda Lacabe -- Grillos, lápices y primaveras / Graciela Bialet -- Papá / Luciana Rabinovich -- Rumbos / Magdi Kelisek -- Fronteras / Paula Bombara 
520 |a El derecho a la identidad es el derecho que tenemos todos a saber quiénes somos y de dónde venimos. Conocer nuestro nombre y los orígenes de nuestra familia, elegir nuestras creencias tanto religiosas como políticas, tener la libertad de enamorarnos de cualquier persona y ser respetados en nuestra diversidad cultural son algunos de los elementos que nos hacen únicos e irrepetibles. Luego del reconocimiento obtenido por Ovillo de trazos I, editorial Norma se une a la Asociación Abuelas de Plaza de Mato para publicar un nuevo conjunto de relatos. Una vez más, bajo la coordinación de Paula Bombara, doce escritores abordan el derecho a la identidad desde sus múltiples facetas. Del encuentro entre sus voces surge este libro, una invitación a reflexionar acerca de un derecho humano fundamental y a comprometernos, cada día, en su ejercicio. 
020 |a 9789875457232 
100 1 |a de Carlotto, Estela; pról. 
700 1 |a Devetach, Laura. 
700 1 |a Averbach, Márgara. 
700 1 |a Méndez, Mario. 
700 1 |a Jäger, Nina. 
700 1 |a Grubissich, Jorge. 
700 1 |a Lertora, Paula. 
700 1 |a Schuff, Nicolás. 
700 1 |a Lacabe, Nilda. 
700 1 |a Bialet, Graciela. 
700 1 |a Rabinovich, Luciana. 
700 1 |a Kelisek, Magdi. 
700 1 |a Bombara, Paula. 
653 |a Cuentos argentinos 
653 |a Antología-cuentos 
653 |a Literatura argentina 
859 |a CEMS  |b BIB. CEMS - 11 de abril  |h A868.4  |i D494  |p 29487.24  |t Ej.1